Hermenéutica y Biblia / (Registro nro. 33041)
[ vista simple ]
| 000 -LÍDER | |
|---|---|
| Campo fijo de descripción fija | 013350000a22002530004500 |
| 001 - NÚMERO DE CONTROL | |
| Campo de control | 1923 |
| 003 - IDENTIFICADOR DEL NÚMERO DE CONTROL | |
| Campo de control | CO-MdFUSB |
| 005 - FECHA Y HORA DE LA ULTIMA TRANSACCIÓN | |
| control field | 20180622072725.0 |
| 008 - ELEMENTOS DE LONGITUD FIJA -- INFORMACIÓN GENERAL | |
| Campo fijo de descripción fija -- Información general | 160824b xxu||||| |||| 00| 0 eng d |
| 020 ## - NÚMERO INTERNACIONAL NORMALIZADO PARA LIBROS | |
| Número Internacional Normalizado del libro | 84-7151-961-5 |
| 040 ## - FUENTE DE CATALOGACIÓN | |
| Agencia que realiza la transcripción | CO-MdFUSB |
| 041 0# - CÓDIGO DE IDIOMA | |
| Código de idioma para texto/pista de sonido o título separado | |
| 082 04 - NÚMERO DE CLASIFICACIÓN DECIMAL DEWEY | |
| Número de clasificación | G 220.6 C1122h |
| 100 1# - ASIENTO PRINCIPAL--NOMBRE PERSONAL | |
| Nombre personal | Caballero Cuesta, José María |
| 245 10 - TÍTULO | |
| Título del Material | Hermenéutica y Biblia / |
| Mención de responsabilidad, etc. | José María Caballero Cuesta |
| 264 ## - PRODUCCIÓN, PUBLICACIÓN, DISTRIBUCIÓN, MANUFACTURA, Y COPYRIGHT | |
| Lugar de producción, publicación, distribución, manufactura | Estella, Navarra, España : |
| Nombre del productor, publicador, distribuidor | Verbo Divino, |
| Fecha de producción, publicación, distribución, manufactura, o copyright | 1994 |
| 300 ## - DESCRIPCIÓN FÍSICA | |
| Extensión | 256 Pag |
| 336 ## - CONTENT TYPE | |
| Content type term | texto |
| Content type code | txt |
| Source | rdacontent |
| 337 ## - MEDIA TYPE | |
| Source | rdamedia |
| Media type term | sin mediación |
| Media type code | n |
| 338 ## - CARRIER TYPE | |
| Source | rdacarrier |
| Carrier type term | volumen |
| Carrier type code | nc |
| 505 00 - NOTA DE CONTENIDO | |
| Nota de contenido con formato preestablecido | - La hermenéutica en la filosofía moderna - La hermenéutica católica hasta Vaticano II - La hermenéutica bíblica en el Vaticano II - El método histórico crítico - El análisis estructural o semiótico - Exégesis sociológica - Interpretación materialista de la Biblia - Interpretación psicológica de la Biblia - Vías de integración de los nuevos modelos: La Biblia es un texto escrito, es un libro histórico, es un libro teológico y actual - Apéndice: Un siglo de interpretación de la Biblia en la Iglesia: Desde la Provindentissimus Deus (18/11/1893) hasta el último documento de la Pontificia Comisión Bíblica (18/11/1993) |
| 650 14 - ASIENTO SECUNDARIO DE MATERIA - TERMINO TEMÁTICO | |
| Término temático o nombre geográfico como elemento de entrada | HERMENEUTICA BIBLICA |
| 942 ## - TIPO DE MATERIAL (KOHA) | |
| Tipo de Item KOHA | Libros General |
| Estado de Material | Estado de Perdido | Estado de Dañado | No para Préstamo | Colección | Tomo | Biblioteca de Origen | Biblioteca Permanente | Fecha de Adquisición | Total de Préstamos | Signatura Topográfica | Código de Barras | Última vez visto | Última vez Préstado | Ejemplar/Existencia | Fecha de Remplazo | Tipo de Material | Total de Renovaciones |
|---|---|---|---|---|---|---|---|---|---|---|---|---|---|---|---|---|---|
| Colección General | Biblioteca FUSBC | Biblioteca FUSBC | 05/11/2004 | 8 | G 220.6 C1122h | 1267 | 19/04/2024 | 15/07/2021 | 1 | 26/01/2016 | Libros General | ||||||
| Colección General | Biblioteca FUSBC | Biblioteca FUSBC | 21/04/2006 | 8 | G 220.6 C1122h | 15996 | 03/03/2026 | 18/02/2026 | 2 | 26/01/2016 | Libros General | 6 |
